<?xml version="1.0" encoding="UTF-8"?><marc:collection xmlns:marc="http://www.loc.gov/MARC21/slim">
  <marc:record>
    <marc:leader>00000nam  2200000za 4500</marc:leader>
    <marc:controlfield tag="001">9.840563</marc:controlfield>
    <marc:controlfield tag="003">CaOODSP</marc:controlfield>
    <marc:controlfield tag="005">20221107151856</marc:controlfield>
    <marc:controlfield tag="007">cr |||||||||||</marc:controlfield>
    <marc:controlfield tag="008">170727s2017    oncabdo#ob   f000 0 fre d</marc:controlfield>
    <marc:datafield tag="020" ind1=" " ind2=" ">
      <marc:subfield code="a">978-0-660-09210-2</marc:subfield>
    </marc:datafield>
    <marc:datafield tag="040" ind1=" " ind2=" ">
      <marc:subfield code="a">CaOODSP</marc:subfield>
      <marc:subfield code="b">fre</marc:subfield>
    </marc:datafield>
    <marc:datafield tag="043" ind1=" " ind2=" ">
      <marc:subfield code="a">n-cn---</marc:subfield>
    </marc:datafield>
    <marc:datafield tag="086" ind1="1" ind2=" ">
      <marc:subfield code="a">CW69-14/461-2017F-PDF</marc:subfield>
    </marc:datafield>
    <marc:datafield tag="245" ind1="0" ind2="0">
      <marc:subfield code="a">Évaluation et rapport de situation du COSEPAC sur le Morse de l’Atlantique Odobenus rosmarus rosmarus population du Haut-Arctique, population du centre de l’Arctique et du Bas-Arctique, population de la Nouvelle-Écosse, de Terre-Neuve et du golfe du Saint-Laurent au Canada </marc:subfield>
      <marc:subfield code="h">[ressource électronique] / </marc:subfield>
      <marc:subfield code="c">Comité sur la situation des espèces en péril au Canada.</marc:subfield>
    </marc:datafield>
    <marc:datafield tag="246" ind1="1" ind2="0">
      <marc:subfield code="a">Morse de l’Atlantique Odobenus rosmarus rosmarus population du Haut-Arctique, population du centre de l’Arctique et du Bas-Arctique, population de la Nouvelle-Écosse, de Terre-Neuve et du golfe du Saint-Laurent au Canada</marc:subfield>
    </marc:datafield>
    <marc:datafield tag="260" ind1=" " ind2=" ">
      <marc:subfield code="a">Ottawa : </marc:subfield>
      <marc:subfield code="b">Environnement et Changement climatique Canada, Service canadien de la faune, </marc:subfield>
      <marc:subfield code="c">2017.</marc:subfield>
    </marc:datafield>
    <marc:datafield tag="300" ind1=" " ind2=" ">
      <marc:subfield code="a">xxiii, 103 p. : </marc:subfield>
      <marc:subfield code="b">ill., cartes, graphiques, photographies</marc:subfield>
    </marc:datafield>
    <marc:datafield tag="500" ind1=" " ind2=" ">
      <marc:subfield code="a">Titre pris sur la couv.</marc:subfield>
    </marc:datafield>
    <marc:datafield tag="500" ind1=" " ind2=" ">
      <marc:subfield code="a">« Population du Haut-Arctique - Preoccupante, population du centre de l’Arctique et du Bas-Arctique - Preoccupante, population de la Nouvelle-Écosse, de Terre-Neuve et du golfe du Saint-Laurent - Disparue 2017 » -- Couv.</marc:subfield>
    </marc:datafield>
    <marc:datafield tag="500" ind1=" " ind2=" ">
      <marc:subfield code="a">Publ. aussi en anglais sous le titre : COSEWIC assessment and status report on the Atlantic walrus Odobenus rosmarus rosmarus High Arctic population, Central-Low Arctic population, Nova Scotia-Newfoundland-Gulf of St. Lawrence population in Canada.</marc:subfield>
    </marc:datafield>
    <marc:datafield tag="504" ind1=" " ind2=" ">
      <marc:subfield code="a">Comprend des réf. bibliogr.</marc:subfield>
    </marc:datafield>
    <marc:datafield tag="520" ind1=" " ind2=" ">
      <marc:subfield code="a">« Le morse est un gros pinnipède grégaire dont les canines supérieures croissent en défenses et qui possède une moustache formée de vibrisses en forme d’aiguillons. Les nouveau-nés mesurent environ 120 cm de long et pèsent quelque 55 kg; les mâles atteignent environ 315 cm et 1 100 kg, et les femelles, approximativement 277 cm et 800 kg. Le morse de l’Atlantique (Odobenus rosmarus rosmarus [Linnaeus, 1758]) est l’une de deux sous-espèces existantes, l’autre étant le morse du Pacifique (O. r. divergens). Le morse de l’Atlantique est traditionnellement un produit important de l’économie de subsistance de l’est de l’Arctique canadien et du Groenland. La chasse a encore une grande importance sociale et culturelle, et la viande et l’ivoire du morse ont une valeur économique notable. Le morse est important puisqu’il s’agit de la seule espèce vivante de sa famille et d’un lien essentiel dans le réseau trophique de l’Arctique entre les mollusques bivalves et l’humain » -- Description et importance de l'espèce sauvage, p. v.</marc:subfield>
    </marc:datafield>
    <marc:datafield tag="692" ind1="0" ind2="7">
      <marc:subfield code="2">gccst</marc:subfield>
      <marc:subfield code="a">Animal aquatique</marc:subfield>
    </marc:datafield>
    <marc:datafield tag="692" ind1="0" ind2="7">
      <marc:subfield code="2">gccst</marc:subfield>
      <marc:subfield code="a">Espèce menacée</marc:subfield>
    </marc:datafield>
    <marc:datafield tag="692" ind1="0" ind2="7">
      <marc:subfield code="2">gccst</marc:subfield>
      <marc:subfield code="a">Évaluation</marc:subfield>
    </marc:datafield>
    <marc:datafield tag="710" ind1="2" ind2=" ">
      <marc:subfield code="a">Comité sur la situation des espèces en péril au Canada.</marc:subfield>
    </marc:datafield>
    <marc:datafield tag="710" ind1="1" ind2=" ">
      <marc:subfield code="a">Canada. </marc:subfield>
      <marc:subfield code="b">Environnement et changement climatique Canada.</marc:subfield>
    </marc:datafield>
    <marc:datafield tag="710" ind1="2" ind2=" ">
      <marc:subfield code="a">Service canadien de la faune.</marc:subfield>
    </marc:datafield>
    <marc:datafield tag="775" ind1="0" ind2="8">
      <marc:subfield code="t">COSEWIC assessment and status report on the Atlantic walrus Odobenus rosmarus rosmarus High Arctic population, Central-Low Arctic population, Nova Scotia-Newfoundland-Gulf of St. Lawrence population in Canada </marc:subfield>
      <marc:subfield code="w">(CaOODSP)9.840561</marc:subfield>
    </marc:datafield>
    <marc:datafield tag="795" ind1=" " ind2=" ">
      <marc:subfield code="t">Mise à jour évaluation et rapport de situation du COSEPAC sur le Morse de l'Atlantique Odobenus rosmarus rosmarus au Canada </marc:subfield>
      <marc:subfield code="w">(CaOODSP)9.593179</marc:subfield>
    </marc:datafield>
    <marc:datafield tag="856" ind1="4" ind2="0">
      <marc:subfield code="q">PDF</marc:subfield>
      <marc:subfield code="s">2.37 Mo</marc:subfield>
      <marc:subfield code="u">https://publications.gc.ca/collections/collection_2018/eccc/CW69-14-461-2017-fra.pdf</marc:subfield>
    </marc:datafield>
  </marc:record>
</marc:collection>
